000 00682nam a22002057a 4500
005 20251108164907.0
008 250721s1984 xx 000 0 ara d
082 1 4 _a811.95669/محم
100 1 _aالقاضي، محمد العبد الله
245 1 0 _aديوان الشاعر محمد العبدالله القاضي /
264 1 _aالكويت :
_bمنشورات ذات السلاسل،
_c1984.
300 _a131ص
490 0 _aمن الشعر النجدي
650 1 7 _aالشعر العربي
650 1 7 _aالعصر الحديث
650 1 7 _aالكويت
700 1 _aالحاتم، عبد الله الخالد
_eجمع
942 _2ddc
_cBK
999 _c16847
_d16847